000 00374nam a2200133Ia 4500
008 151001s9999||||xx |||||||||||||| ||und||
100 _a राजकुमार
245 _aअमेरीका मे नेहरू
250 _a4
260 _bहिंदी प्रचारक पुस्तकालय
260 _c1958
300 _a141
365 _b7
999 _c951297
_d951294